Normal view
MARC view
- Instructions for the international telephone service
Entry Topical Term
001 - CONTROL NUMBER
- control field: 105739
003 - CONTROL NUMBER IDENTIFIER
- control field: NUST
005 - DATE AND TIME OF LATEST TRANSACTION
- control field: 20221223101842.0
008 - FIXED-LENGTH DATA ELEMENTS
- fixed length control field: 221223|| aca||aabn | a|a d
040 ## - CATALOGING SOURCE
- Original cataloging agency: NUST
- Transcribing agency: NUST
150 ## - HEADING--TOPICAL TERM
- Topical term or geographic name entry element: Instructions for the international telephone service
670 ## - SOURCE DATA FOUND
- Source citation: Work cat.: (NUST)183719: The international telecommunication union 105738, Instructions for the international telephone service /, 1965
